UBT Library

Thinking about growth and other essays on economic growth and welfare / (Record no. 41928)

000 -LEADER
fixed length control field 00656cam a2200241 a 4500
001 - CONTROL NUMBER
control field 4801785
005 - DATE AND TIME OF LATEST TRANSACTION
control field 20180206074310.0
008 - FIXED-LENGTH DATA ELEMENTS--GENERAL INFORMATION
fixed length control field 880523s1989 enka b 001 0 eng
010 ## - LIBRARY OF CONGRESS CONTROL NUMBER
LC control number 88018902
020 ## - INTERNATIONAL STANDARD BOOK NUMBER
International Standard Book Number 0521333962
040 ## - CATALOGING SOURCE
Original cataloging agency DLC
Transcribing agency DLC
Modifying agency DLC
041 ## - LANGUAGE CODE
Language code of text/sound track or separate title eng
043 ## - GEOGRAPHIC AREA CODE
Geographic area code n-us---
080 ## - UNIVERSAL DECIMAL CLASSIFICATION NUMBER
Universal Decimal Classification number 338.973 mos
082 00 - DEWEY DECIMAL CLASSIFICATION NUMBER
Classification number 338.973 mos
Edition number 19
100 1# - Rafti
Rafti 52
101 ## - Shkurtesa
Shkurtesa eco
245 10 - TITLE STATEMENT
Title Thinking about growth and other essays on economic growth and welfare /
Statement of responsibility, etc Moses Abramovitz.
504 ## - BIBLIOGRAPHY, ETC. NOTE
Bibliography, etc Includes bibliographies.
740 0# - ADDED ENTRY--UNCONTROLLED RELATED/ANALYTICAL TITLE
Uncontrolled related/analytical title Thinking about growth.
906 ## - LOCAL DATA ELEMENT F, LDF (RLIN)
a 7
b cbc
c orignew
d 1
e ocip
f 19
g y-gencatlg
942 ## - ADDED ENTRY ELEMENTS (KOHA)
Source of classification or shelving scheme
Item type Books
Holdings
Withdrawn status Lost status Source of classification or shelving scheme Damaged status Not for loan Collection code Permanent location Current location Shelving location Date acquired Total Checkouts Full call number Barcode Date last seen Price effective from Koha item type
          Koleksioni i përgjithshem UBT - Lipjan UBT - Lipjan Koleksioni i përgjithshem 02/06/2018   338.973 mos 002-2999068 02/06/2018 02/06/2018 Books
UBT Library © 2015-2024. All rights reserved University Education for Business and Technology